000 00461nam a2200181Ia 4500
001 2853
005 20260306144837.0
008 260306t1997||||xx |||||||||||||| ||spa||
041 _aESP
082 _a230.2
_bV32
100 _aVargas Ruiz de Somocurcio, Fernando
_eAUT
245 0 _aCongresos de la reconciliación:
_bhistoria y balance
260 _c1997
300 _a91 páginas :
_c19 cm.
650 _aGEN
654 _aCHU
942 _cLIB
_dJUS
_fJUS
_2ddc
_n
999 _c2853
_d2853